All of Lady Gaga's songs - Statistics

General Stats
  • This quiz has been taken 149 times
    101 since last reset
  • The average score is 88 of 182
Answer Stats
Answer % Correct
The Fame
92%
Abracadabra
90%
Born This Way
90%
Just Dance ft.Colby O'Donis
90%
Paparazzi
90%
Poker Face
90%
Bad Romance
88%
LoveGame
88%
Shallow
88%
Telephone ft. Beyoncé
88%
Disease
87%
Joanne
85%
Rain On Me ft. Ariana Grande
85%
911
83%
Alejandro
83%
Applause
83%
Judas
83%
Aura
81%
G.U.Y.
81%
Bloody Mary
79%
Die with a Smile
79%
Monster
79%
Stupid Love
79%
The Edge of Glory
79%
Artpop
77%
Marry the Night
77%
Venus
77%
A-Yo
75%
Garden of Eden
75%
Million Reasons
75%
Alice
73%
Chromatica I
73%
Chromatica II
73%
Fashion!
73%
Perfect Celebrity
73%
Sour Candy ft. Blackpink
73%
Zombieboy
73%
Babylon
71%
Cheek to Cheek
71%
Chromatica III
71%
Donatella
71%
Eh, Eh (Nothing Else I Can Say)
71%
Perfect Illusion
71%
Summerboy
71%
Americano
69%
Enigma
69%
Government Hooker
69%
Hair
69%
Killah
69%
Money Honey
69%
Teeth
69%
Beautiful, Dirty, Rich
67%
Blade of Grass
67%
Love for Sale
67%
Yoü and I
67%
Always Remember Us This Way
65%
Boys Boys Boys
65%
LoveDrug
65%
Mary Jane Holland
65%
So Happy I Could Die
65%
The Beast
65%
Dance in the Dark
63%
Dope
63%
Paper Gangsta
63%
Replay
63%
Scheiße
63%
Speechless
63%
Vanish Into You
63%
Black Jesus + Amen Fashion
62%
Brown Eyes
62%
Diamond Heart
62%
Jewels n' Drugs ft. T.I., Too Short & Twista
62%
Shadow Of A Man
62%
Disco Heaven
60%
Electric Chapel
60%
John Wayne
60%
Sexxx Dreams
60%
Swine
60%
1000 Doves
58%
Free Woman
58%
Dancin' in Circles
56%
Gypsy
56%
Highway Unicorn (Road to Love)
56%
Kill For Love
56%
Sine From Above ft. Elton John
56%
Starstruck ft. Space Cowboy & Flo Rida
56%
Do What U Want
54%
Fun Tonight
54%
How Bad Do U Want Me
54%
I'll Never Love Again
54%
The Joker
54%
Don't Call Tonight
52%
Happy Mistake
52%
Heavy Metal Lover
52%
Manicure
52%
Bad Kids
50%
Come to Mama
50%
I Like It Rough
50%
Good Morning
48%
Grigio Girls
48%
Hey Girl ft.Florence Welch
48%
La Vie en Rose
48%
Angel Down
46%
Can't Stop The High
46%
Plastic Doll
46%
The Queen
46%
Fashion of His Love
44%
Folie à Deux
44%
Sinner's Prayer
42%
Hold My Hand
40%
Just Another Day
40%
The Cure
40%
Look What I Found
37%
Christmas Tree
35%
Smile
35%
Anything Goes
33%
Hair Body Face
33%
Why DId You Do That?
33%
Retro Dance Freak
31%
Thats' Life
31%
That's Life
31%
Heal Me
29%
Love Me Right
29%
Video Phone
29%
Black Eyes
27%
Diggin' My Grave
27%
Is That Alright?
27%
The Lady Is a Tramp
27%
Before I Cry
25%
Music to My Eyes
25%
That's Entertainment
25%
Alibi
23%
Close to You
23%
It Don't Mean a Thing (If It Ain't Got That Swing)
23%
Nature Boy
23%
Again Again
21%
Chillin'
21%
Goody Goody
21%
If My Friends Could See Me Now"
21%
If My Friends Could See Me Now
21%
Oh, When the Saints
21%
Till It Happens To You
21%
Vanity
21%
Gonna Build a Mountain
19%
I Can't Give You Anything but Love
19%
Lush Life
19%
World on a String
19%
Get Happy (2024)
17%
Maybe It's Time
17%
Bang Bang (My Baby Shot Me Down)
15%
Do I Love You
15%
Ev'ry Time We Say Goodbye
15%
I Don't Know What Love Is
15%
Sweet Sounds of Heaven
15%
But Beautiful
13%
Firefly
13%
I've Got You Under My Skin
13%
I Won't Dance
13%
Out of Time
13%
They All Laughed
13%
Too Far Gone
13%
Bewitched
12%
Dream Dancing
12%
I Concentrate on You
12%
I Get a Kick Out of You
12%
It's De-Lovely
12%
Let's Do It
12%
Let's Face the Music and Dance
12%
Night and Day
12%
You're the Top
12%
Bewitched, Bothered and Bewildered
10%
I've Got the World on a String
10%
Orange Colored Sky
10%
White Christmas
10%
Glitter and Grease
8%
To Love Somebody
8%
Gimme Shelter
6%
(They Long to Be) Close to You
6%
3-Way (The Golden Rule)
2%
No matching quizzes found
Score Distribution
Percent of People with Each Score
Percentile by Number Answered
Your Score History
You have not taken this quiz since the last reset